000 00413 a2200121 4500
001 ART_11670
005 20260410161859.0
008 260409a
245 1 0 _aThe concept of optimal taxation in the overlapping-generations model of capital and wealth
100 1 _aOrdover, Janusz A.
700 1 _aPhels, E.S.
773 0 _tJournal of public economics
_g- Vol. 12, NÂș 1 (ago. 1979)
_wREV11485
999 _c25721
_d25721